| 000 | 00954nam a2200253 a 4500 | ||
|---|---|---|---|
| 001 | 000025736 | ||
| 005 | 20200930024018.0 | ||
| 008 | 110221s2000 sp ad r 000 0 spa d | ||
| 020 | _a8478290303 | ||
| 040 |
_aDO-SdBNP _bspa _cBNPHU |
||
| 041 | 1 | 7 |
_aspa _heng _2Código de idioma MARC |
| 082 |
_a541.395 _bL831f |
||
| 100 | 1 |
_aLogan, S. R. _952530 |
|
| 240 | 1 | 0 |
_aFundamentals of chemical kinetics. _lEspañol. |
| 245 | 1 | 0 |
_aFundamentos de cinética química / _cS. R. Logan ; traducción Concepción Pando García Pumarino ; revisión técnica J. A. Rodriguez Renuncio. |
| 260 |
_aMadrid : _bAddison Wesley Iberoamericana, _c2000. |
||
| 300 |
_aXII, 260 p. ; _c24 cm. |
||
| 534 |
_aTítulo original: _tFundamentals of chemical kinetics. |
||
| 650 | 4 |
_aCinética química _952531 |
|
| 700 | 1 |
_aGarcía Pumarino, Concepción Pando _etr. _952532 |
|
| 700 | 1 |
_aCapella, Isabel _eed. _952533 |
|
| 700 | 1 |
_aRodriguez Renuncio, J. A. _952534 |
|
| 049 | _aBNGR | ||
| 999 |
_c25228 _d25228 |
||